Przejdź do treści

Модуляция моносинаптических рефлексов билатеральных мышц голени и стопы у спортсменов с нарушениями опорно-двигательного аппарата Статья

Zapisane w:
Opis bibliograficzny
1. autor: Ланская О.В
Format: Статья
Dostęp online:https://znanium.com/catalog/document?id=52231
https://znanium.com/cover/0458/458439.jpg
Etykiety: Dodaj etykietę
Nie ma etykietki, Dołącz pierwszą etykiete!
LEADER 01468nam0a2200205 i 4500
001 RU\infra-m\znanium\bibl\458439
003 https://znanium.com/catalog/document?id=52231
005 20190327000000.0
100 |a 20190327d2014 m y0rusy0150 ca 
101 0 |a rus 
102 |a RU 
200 1 |a Модуляция моносинаптических рефлексов билатеральных мышц голени и стопы у спортсменов с нарушениями опорно-двигательного аппарата  |e Статья  |f Великолукская государственная академия физической культуры и спорта 
210 1 |a Ростов-на-Дону  |c Издательство Южного федерального университета (ЮФУ)  |d 2011 
215 |a 5 с. 
333 |a Аспирантура 
608 |a Статья  |2 local 
700 1 |a Ланская  |b О.В.  |g Ольга Владимировна  |p Великолукская государственная академия физической культуры и спорта 
801 0 |a RU  |b Общество с ограниченной ответственностью «ЗНАНИУМ»  |c 20140217  |2 rusmarc 
856 4 |a znanium.com  |m ebs_support@infra-m.ru  |n НИЦ ИНФРА-М  |u https://znanium.com/catalog/document?id=52231 
856 4 1 |a znanium.com  |d /cover/0458  |f 458439.jpg  |q image/jpeg  |u https://znanium.com/cover/0458/458439.jpg